Design of reinforced masonry structures
Guardado en:
| Autor principal: | |
|---|---|
| Formato: | Libro |
| Lenguaje: | Undetermined |
| Publicado: |
New York
McGraw- Hill
2000
|
| Materias: | |
| Etiquetas: |
Agregar Etiqueta
Sin Etiquetas, Sea el primero en etiquetar este registro!
|
| Thư viện lưu trữ: | Trung tâm Học liệu Trường Đại học Cần Thơ |
|---|
| LEADER | 00535nam a2200193Ia 4500 | ||
|---|---|---|---|
| 001 | CTU_75094 | ||
| 008 | 210402s9999 xx 000 0 und d | ||
| 020 | |b 1413000 | ||
| 082 | |a 693.1 | ||
| 082 | |b T152 | ||
| 100 | |a Taly, Narendra | ||
| 245 | 0 | |a Design of reinforced masonry structures | |
| 245 | 0 | |c Narendra Taly | |
| 260 | |a New York | ||
| 260 | |b McGraw- Hill | ||
| 260 | |c 2000 | ||
| 650 | |a Reinforced concrete construction,Building, brick | ||
| 904 | |i Truc,Hải | ||
| 980 | |a Trung tâm Học liệu Trường Đại học Cần Thơ | ||